000 01074nam a22003617a 4500
001 BR6003092
003 BR-BrBNA
005 20230928083146.0
007 ta
008 230509b bl.||||| |||| 00| 0 por d
040 _aBR-BrBNA
_bpor
_cBiblioteca Nacional de Agricultura
041 _a(Por)
072 _aE70
_b9000
_b/G514
090 _ 9000 BR6003092
100 1 _aMenezes Filho, A.B. de
100 1 _aMelo, A.S. de
100 1 _aLima, M.J. de C.
110 1 _aSuperintendencia do Desenvolvimento do Nordeste, Recife, PE (Brasil). Depto. de Agricultura e Abastecimento
245 1 _aSuprimento de generos alimenticios para a cidade de Maceio [Alagoas; Brasil]
260 3 _aRecife, PE (Brasil):
_c1964.
300 _a134 p.
500 _a65 tables; 26 graphs; 13 illus.
650 _aALIMENTO
650 _aABASTECIMENTO
650 _aCONSUMO ALIMENTAR
650 _aRENDA PER CAPITA
650 _aMERCADO
650 _aPRECO
650 _aSUPRIMENTO DE ALIMENTO
650 _aALAGOAS
909 _a202309
_bLucia
_c55
_dLucia Elande
942 _cBK
999 _c11884
_d11884